Jogos e Passatempos 9º ano (Registo nº 974)

Detalhes MARC
000 -Etiqueta do registo
Cabeçalho 00657nam0a2200289 i 4500
005 - Identificador da versão
Campo de controlo 20240813121820.0
010 ## - Número internacional normalizado dos livros (ISBN)
Número (ISBN) 9789720315199
021 ## - Número do Depósito Legal
Código do país PT
Número 296829/09
035 ## - Other System Control Numbers
System Control Number 0001039
System Control Number 0001022
100 ## - Dados gerais de processamento
Dados gerais de processamento 20091202d m y0pory5003 ba
102 ## - Pais de publicação ou produção
País de publicação Portugal
101 0# - Língua de publicação
Língua do texto, banda sonora, etc. Português
Língua do documento no original Português
106 ## - Campo de dados codificados: material textual
Dados codificados do material textual r
105 ## - Campo de dados codificados: livros
Dados codificados dos livros a z 001yy
215 ## - Descrição física 
Indicação específica da natureza do documento e extensão da espécie 128 p.
Outras indicações físicas il.
200 1# - Titulo e menção de responsabilidade
Título próprio Jogos e Passatempos 9º ano
225 2# - Colecção 
Título próprio da colecção Ideias de Ler
205 ## - Menção da edição
Menção da edição 1ª ed.
210 ## - Publicação, Distribuição, etc. 
Lugar da edição, distribuição, etc. Porto
Nome do editor, distribuidor, etc. Porto Editora
Data da publicação, distribuição, etc. 2009
304 ## - Notas relativas a título e menção de responsabilidade 
Texto da nota Tít. orig.:
675 ## - Classificação Decimal Universal (CDU)
Notação 371.67
Edição BN
Língua da edição por
942 ## - Elementos de entrada adicionados (Koha)
Tipo de item no Koha Livro
Exemplares
Situação do levantamento Origin of item (home branch) (coded) Biblioteca de empréstimo Código de barras Cota Circulation type (not for loan) Tipo de documento Nota do exemplar Damaged status
  Biblioteca Escolar Eng. Nuno Mergulhão Biblioteca Escolar Eng. Nuno Mergulhão BENM1721 371   Livro Sem mensagem